000 00502cam a2200145 4500500
005 20250921003611.0
041 _afre
042 _adc
100 1 0 _aUngerer, Tomi
_eauthor
245 0 0 _a“Pourquoi certains jours paraissent durer une semaine et d’autres une heure ?”
260 _c2016.
500 _a18
786 0 _nPhilosophie Magazine | 104 | 11 | 2016-11-01 | p. 10-10
856 4 1 _uhttps://shs.cairn.info/magazine-philosophie-magazine-2016-11-page-10?lang=fr&redirect-ssocas=7080
999 _c1506582
_d1506582